Informe de la Comisión Nacional de Verdad y Reconciliación: texto oficial completo
Guardat en:
| Autor corporatiu: | |
|---|---|
| Format: | Llibre |
| Idioma: | espanyol |
| Publicat: |
Santiago
Diario La Nación
1996
|
| Matèries: | |
| Etiquetes: |
Afegir etiqueta
Sense etiquetes, Sigues el primer a etiquetar aquest registre!
|
MARC
| LEADER | 00000nam a2200000 a 4500 | ||
|---|---|---|---|
| 001 | UCH7062 | ||
| 003 | CL-VaPUC | ||
| 008 | 091109e19960000CL |||||||||||||||||spa|d | ||
| 082 | 0 | 4 | |a 323.4 |b COR |2 21 |
| 110 | 2 | |a Corporación Nacional de Verdad y Reconciliación |e author |9 543549 | |
| 245 | 1 | 0 | |a Informe de la Comisión Nacional de Verdad y Reconciliación: texto oficial completo |
| 300 | |a 284 p | ||
| 942 | |c BK | ||
| 945 | |d 20091109 00:00:00 |a lazolas | ||
| 260 | |a Santiago |b Diario La Nación |c 1996 | ||
| 650 | 7 | |a DERECHOS HUMANOS 1973 - 1990 |2 CL-VaPUC |9 257098 | |
| 650 | 0 | |a Estudio de casos |9 257099 | |
| 650 | 0 | |a Personas desaparecidas |9 257100 | |
| 651 | 7 | |a CHILE |2 CL-VaPUC |9 543550 | |
| 583 | |a last modification |c 20091109 00:00:00 |k Rodrigo Vera | ||
| 999 | |c 337811 |d 337809 | ||